Southville International School and Colleges
Your cart is empty.
  • Cart
  • Lists
    Public lists Eva Luna New books Lux_list list_1
    Your lists Log in to create your own lists
  • Log in to your account
  • Your cookies
  • Search history
Southville International School and Colleges
  • Advanced search
  • Recent comments
  • Most popular
  • Libraries

Log in to your account

Log in with GOOGLE


If you do not have an external account, but do have a local account, you can still log in:

  1. Home
  2. MARC view: Sa aking panahon :
Normal view MARC view ISBD view

Sa aking panahon : (Record no. 17113)

[ view plain ]
MARC details
000 -LEADER
fixed length control field 00963nam a22003377a 4500
001 - CONTROL NUMBER
control field 14920986
003 - CONTROL NUMBER IDENTIFIER
control field OSt
005 - DATE AND TIME OF LATEST TRANSACTION
control field 20140310182902.0
008 - FIXED-LENGTH DATA ELEMENTS--GENERAL INFORMATION
fixed length control field 070709s2006 ph 000 1 tgl
010 ## - LIBRARY OF CONGRESS CONTROL NUMBER
LC control number 2007318357
020 ## - INTERNATIONAL STANDARD BOOK NUMBER
International Standard Book Number 9715844820
040 ## - CATALOGING SOURCE
Original cataloging agency DLC
Transcribing agency DLC
042 ## - AUTHENTICATION CODE
Authentication code lcode
050 00 - LIBRARY OF CONGRESS CALL NUMBER
Classification number PL6062.3
Item number .R457 2006
082 ## - DEWEY DECIMAL CLASSIFICATION NUMBER
Classification number FIL899.21031
Item number .R457 2006
100 1# - MAIN ENTRY--PERSONAL NAME
Personal name Reyes, Edgar.
245 10 - TITLE STATEMENT
Title Sa aking panahon :
Remainder of title 13 piling katha at isa pa! /
Statement of responsibility, etc Reyes, Edgardo M.
250 ## - EDITION STATEMENT
Edition statement 1. ed.
260 ## - PUBLICATION, DISTRIBUTION, ETC. (IMPRINT)
Place of publication, distribution, etc Quezon City, Philippines :
Name of publisher, distributor, etc Published and distributed by C & E Pub.,
Date of publication, distribution, etc 2006.
300 ## - PHYSICAL DESCRIPTION
Extent vi, 213 p. ;
Dimensions 23 cm.
500 ## - GENERAL NOTE
General note Short stories.
521 ## - TARGET AUDIENCE NOTE
Target audience note
526 ## - STUDY PROGRAM INFORMATION NOTE
Reading level 1210L-1700L
541 ## - IMMEDIATE SOURCE OF ACQUISITION NOTE
-- 1
541 ## - IMMEDIATE SOURCE OF ACQUISITION NOTE
-- 2
546 ## - LANGUAGE NOTE
Language note In Tagalog.
562 ## - COPY AND VERSION IDENTIFICATION NOTE
Number of copies 2
906 ## - LOCAL DATA ELEMENT F, LDF (RLIN)
a 7
b cbc
c origode
d 4
e ncip
f 20
g y-gencatlg
942 ## - ADDED ENTRY ELEMENTS (KOHA)
Source of classification or shelving scheme Library of Congress Classification
Koha item type Books
Call number prefix Filipininana
Holdings
Withdrawn status Lost status Source of classification or shelving scheme Damaged status Home library Current library Shelving location Date acquired Total Checkouts Full call number Barcode Date last seen Copy number Price effective from Koha item type
    Library of Congress Classification   College Library College Library Filipiniana Section 11/06/2012   PL6062.3 .R457 2006 C16172 05/08/2018 1 11/06/2012 Books
    Library of Congress Classification   College Library College Library Filipiniana Section 05/04/2013   PL6062.3 .R457 2006 C14964 05/08/2018 2 05/04/2013 Books

Sa aking panahon :

APA

Reyes E., . (2006). Sa aking panahon. Quezon City, Philippines: Published and distributed by C & E Pub.

Chicago

Reyes Edgar, . 2006. Sa aking panahon. Quezon City, Philippines: Published and distributed by C & E Pub.

Harvard

Reyes E., . (2006). Sa aking panahon. Quezon City, Philippines: Published and distributed by C & E Pub.

MLA

Reyes Edgar, . Sa aking panahon. Quezon City, Philippines: Published and distributed by C & E Pub. 2006.

  • Place hold
  • Print
  • Cite
  • Add to your cart (remove)
  • Save record
    BIBTEX Dublin Core MARCXML MARC (non-Unicode/MARC-8) MARC (Unicode/UTF-8) MARC (Unicode/UTF-8, Standard) MODS (XML) RIS
  • More searches
    Search for this title in:
    Other Libraries (WorldCat) Other Databases (Google Scholar) Online Stores (Bookfinder.com) Open Library (openlibrary.org)

Exporting to Dublin Core...

SOUTHVILLE LIBRARY

Southville International School and Colleges Library

1281 Tropical Ave. Cor. Luxembourg St., BF Homes International, Las Pinas City

Tel. No. 8256374 / 252358 Loc. 117/146

Powered by Koha